Historia Włoch A-Z - Statystyki

Ogólne statystyki
  • Ten quiz został rozwiązany 89 razy
  • Średni wynik to 13 z 25
Statystyki odpowiedzi
Wskazówka Odpowiedź % Poprawnych
J Choć wiele osób uważa, że ​​było to imię Cezara, w rzeczywistości było to jego nazwisko rodowe Juliusz
91%
F Skrajnie prawicowa filozofia polityczna wyznawana przez Mussoliniego Faszyzm
87%
E Wyspa, na którą zesłano Napoleona Elba
85%
R Europejskie „odrodzenie” kulturowe, które rozpoczęte we Florencji pod koniec XIV wieku Renesans
85%
Q słynne pytanie zadane przez św. Piotra Chrystusowi podczas ucieczki z Rzymu w czasie prześladowań Nerona, tytuł powieści Henryka Sienkiewicza Quo vadis
84%
O Forma teatru muzycznego, która powstała we Włoszech około 1600 roku Opera
80%
T Pierwsza stolica Włoch w latach 1861–1865, siedziba koncernu samochodowego Fiat Turyn
79%
U Ponad 1/3 populacji tego państwa Ameryki Południowej ma włoskie pochodzenie Urugwaj
79%
M Wiele jego dzieł malarskich, rzeźbiarskich i architektonicznych zalicza się do najsłynniejszych na świecie Michał Anioł
77%
X Tak starożytny Rzymianin zapisałby liczbę 33 XXXIII
75%
K Na przykład Victor Emmanuel lub Umberto Król
72%
P Rzymska świątynia poświęcona wszystkim bogom, obecnie kościół Panteon
72%
G Jeden z „ojców ojczyzny”, dowodził Czerwonymi Koszulami w podboju Królestwa Obojga Sycylii Giuseppe Garibaldi
68%
D Tytuł nadany przywódcy Wenecji Doża
64%
N Grupa wikingów, która stopniowo podbijała południowe Włochy, począwszy od 999 r. n.e. Normanowie
49%
H Hrabia Luksemburga, margrabia Arlon, od 1308 do 1313 król niemiecki, od 1312 cesarz rzymski i król Włoch Henryk VII
41%
L Ten lud germański rządził Włochami w latach 568–774 i dał nazwę regionowi, w którym znajduje się Mediolan Longobardowie
36%
V Miasto, w którym urodził się Leonardo da Vinci Vinci
27%
S Ostatnia dynastia królewska Włoch Dynastia {Sabaudzka}
24%
Z Uczeń Parmenidesa, należał do szkoły eleatów z Elei. Doskonalił sztukę prowadzenia sporów, którą rozumiał jako wykazywanie na drodze samego zestawiania pojęć prawdy własnej i cudzego fałszu, co w ówczesnych pojęciach było dialektyką. Zenon z Elei
24%
A Jedna z najważniejszych dróg rzymskich, wciąż istniejąca Droga {Appijska}
19%
B Gdzie kończy się powyższe, siedziba rządu przez sześć miesięcy w latach 1943-1944 Brindisi
8%
W Południowa część Półwyspu Apenińskiego oraz większość Sycylii skolonizowanej przez Greków w VII/VI wieku p.n.e. Wielka Grecja
7%
I Ruch polityczny i społeczny z przełomu XIX i XX wieku, którego celem było przyłączenie do zjednoczonych już Włoch terytoriów zamieszkanych przez ludność włoskojęzyczną, a pozostających pod władzą innych państw Irredentyzm włoski
3%
C państwo utworzone przez Napoleona Bonaparte w północnych Włoszech w 1797 roku, będące krokiem w stronę późniejszych ruchów zjednoczeniowych. Republika {Cisreńska}
1%
Nie znaleziono quizów pasujących do podanych kryteriów
Rozkład punktacji
Procent ludzi z każdym wynikiem
Percentyl według liczby udzielonych odpowiedzi
Twoja historia wyników
Nie rozwiązałeś tego quizu